Mravní a sociální sebepojetí adolescentů

Podrobná bibliografia
Hlavní autori: Macek, Petr (Autor), Osecká, Lída, 1945-1999 (Autor)
Médium: Článok
Jazyk:čeština
Fyzický popis:Obr. 1. Tb. 2. Res. angl., rus., lit. 22 zázn. v slov., češ., angl., ruš.
Predmet:

MARC

LEADER 00000nab a2200000 a 4500
001 vtls000402897
003 SK-MaSNL
005 20260304025752.0
008 230120c1990 xo 0 cze
015 |a SNBRB19rr/mm-uuuuu 
035 |a CL0403021 
035 |a urn:nbn:sk:snk-ab2tbe 
035 |a (urnnbn)urn:nbn:sk:snk:ar-a02wru 
035 |a (uuid)c246765a-b0f5-4bb0-9fcc-b0a2b75592ab 
040 |a SNKBUCL  |b slo  |c SNKBUCL  |e AACR2 
041 0 |a cze 
044 |a xo  |c SK 
080 |a 159.923.2  |2 1981 
080 |a 159.922.8  |2 1981 
100 1 |a Macek, Petr  |4 aut  |9 339701 
245 1 0 |a Mravní a sociální sebepojetí adolescentů  |c Petr Macek, Lída Osecká 
300 |b Obr. 1. Tb. 2. Res. angl., rus., lit. 22 zázn. v slov., češ., angl., ruš. 
650 0 7 |a psychológia adolescencie  |2 snkbucl  |9 254534 
650 0 7 |a adolescenti  |2 snkbucl  |9 4892 
650 0 7 |a identita osobnosti (psych.)  |2 snkbucl  |9 1307609 
655 7 |a články z novín a časopisov  |2 snkbucl  |9 267496 
700 1 |a Osecká, Lída,  |d 1945-1999  |4 aut  |9 7820 
773 0 |t Psychológia a patopsychológia dieťaťa  |g Roč. 25, č. 4 (1990), s. 301-311 
850 |a Slovenská národná knižnica v Martine  |a MTA001 
852 |a SNK  |b KIS3GCP 
954 |a odborná, vedecká literatúra cudzojazyčná (svetová)  |2 lita 
958 |a NB 
958 |a RK 
958 |a OND 
958 |a EUIPO 
958 |a article2022 
992 |a RBX 
999 |c 2629613  |d 2631543